[Event "GER-ch41 V04 email"]
[Site "GER email"]
[Date "2010.??.??"]
[Round "?"]
[White "Bergmann, Martin"]
[Black "Egelhof, Hans Peter"]
[Result "0-1"]
[WhiteElo "2154"]
[BlackElo "2030"]
[PlyCount "102"]
[EventDate "2010.??.??"]
[EventType "tourn (corr)"]
[EventRounds "12"]
[EventCountry "GER"]
[SourceTitle "Corr 2015"]
[Source "ChessBase"]
[SourceDate "2015.07.17"]
[SourceVersion "1"]
[SourceVersionDate "2015.07.17"]
[SourceQuality "1"]

1. d3 g6 2. e4 Bg7 3. Nd2 c5 4. g3 Nc6 5. Bg2 Nf6 6. Ne2 h5 7. h4 d5 8. Nf4 Bg4 9. f3 Bc8 10. 0-0 0-0 11. Re1 e6 12. c3 d4 13. c4 Bd7 14. Nh3 e5 15. Nf1 Qc8 16. Nf2 Re8 17. Nd2 b6 18. Nb3 Rd8 19. Bd2 a5 20. a4 Nb4 21. Nc1 Ra7 22. Ne2 Rf8 23. Rf1 Ne8 24. f4 f6 25. Kh2 Nd6 26. Ng1 Bc6 27. Nf3 exf4 28. gxf4 Qe8 29. b3 Nf7 30. Ne1 Nh6 31. Kg1 Rc7 32. Qf3 Re7 33. Qg3 Kh7 34. Nf3 Qa8 35. Rac1 Rg8 36. Rfe1 Qe8 37. Nh2 Nf7 38. Kh1 Bh6 39. Nf3 Qc8 40. Rg1 Qc7 41. Rcf1 Kh8 42. Ne1 Ree8 43. Nd1 Rg7 44. Qf2 Reg8 45. Qe2 Bd7 46. Nb2 Re8 47. Rf2 Bc6 48. Qf1 Nd6 49. Bf3 f5 50. e5 Ne4 51. dxe4 fxe4 0-1

[Event "GER-ch41 V04 email"]
[Site "GER email"]
[Date "2010.??.??"]
[Round "?"]
[White "Bergmann, Martin"]
[Black "Koch, Hans Georg"]
[Result "0-1"]
[WhiteElo "2154"]
[BlackElo "2088"]
[PlyCount "60"]
[EventDate "2010.??.??"]
[EventType "tourn (corr)"]
[EventRounds "12"]
[EventCountry "GER"]
[SourceTitle "Corr 2015"]
[Source "ChessBase"]
[SourceDate "2015.07.17"]
[SourceVersion "1"]
[SourceVersionDate "2015.07.17"]
[SourceQuality "1"]

1. d3 d5 2. Nd2 e5 3. Ngf3 Nc6 4. e4 Nf6 5. Be2 Bc5 6. c3 a5 7. a4 0-0 8. h3 h6 9. Qc2 Nh5 10. g3 Be6 11. Nf1 Qd6 12. Ne3 d4 13. Nf1 Ba7 14. Nh4 Nf6 15. Bd2 Rad8 16. c4 Nxe4 17. dxe4 d3 18. Bxd3 Qxd3 19. Qxd3 Rxd3 20. Rc1 Rd4 21. f3 Rxc4 22. Rxc4 Bxc4 23. Nf5 Rd8 24. N1e3 Be6 25. Ke2 Kh7 26. Bc3 Nd4+ 27. Bxd4 exd4 28. Rd1 g6 29. Nh4 Bb3 30. Rd2 Bxa4 0-1

[Event "GER-ch41 V04 email"]
[Site "GER email"]
[Date "2010.??.??"]
[Round "?"]
[White "Maetz, Erich"]
[Black "Bergmann, Martin"]
[Result "1-0"]
[WhiteElo "1991"]
[BlackElo "2154"]
[PlyCount "93"]
[EventDate "2010.??.??"]
[EventType "tourn (corr)"]
[EventRounds "12"]
[EventCountry "GER"]
[SourceTitle "Corr 2015"]
[Source "ChessBase"]
[SourceDate "2015.07.17"]
[SourceVersion "1"]
[SourceVersionDate "2015.07.17"]
[SourceQuality "1"]

1. c4 d6 2. Nc3 e5 3. g3 f5 4. Bg2 Nf6 5. d3 Be7 6. e3 0-0 7. Nge2 c6 8. 0-0 Be6 9. b3 d5 10. Bb2 Nbd7 11. cxd5 cxd5 12. f4 e4 13. Nd4 Qb6 14. Na4 Qa6 15. dxe4 Nxe4 16. Rc1 Ndf6 17. Rc7 Rfe8 18. Bxe4 Nxe4 19. Qe2 Qd6 20. Rfc1 Rec8 21. Nb5 Qd8 22. Qd1 b6 23. R1c2 Bf8 24. Bd4 Qe8 25. Nxa7 Rxc7 26. Rxc7 Qb8 27. Nb5 Ra5 28. Be5 Qe8 29. Nbc3 b5 30. Nxe4 fxe4 31. Nc5 b4 32. Nxe6 Qxe6 33. Bd4 Qd6 34. Rc2 Qd7 35. Qh5 Ra6 36. Kg2 Rh6 37. Qe5 Qh3+ 38. Kg1 Qe6 39. Qc7 Qa6 40. f5 Qd3 41. Kg2 Qd1 42. Rf2 Qh5 43. h4 Qf7 44. Qc8 Rd6 45. Rc2 Rd7 46. f6 gxf6 47. Rc6 1-0

[Event "IECG WC.2011.S.00001 email"]
[Site "IECG email"]
[Date "2008.10.23"]
[Round "1"]
[White "Depasse, Jean Marc"]
[Black "Bergmann, Martin"]
[Result "0-1"]
[WhiteElo "2276"]
[BlackElo "2355"]
[PlyCount "104"]
[EventDate "2008.10.23"]
[EventType "tourn (corr)"]
[EventRounds "10"]
[SourceTitle "Corr 2024"]
[Source "ChessBase"]
[SourceDate "2023.10.19"]
[SourceVersion "1"]
[SourceVersionDate "2023.10.19"]
[SourceQuality "1"]

1. e4 d6 2. d4 Nf6 3. Nc3 e5 4. Nge2 Be7 5. g3 c6 6. Bg2 b5 7. a3 Nbd7 8. 0-0 Bb7 9. d5 cxd5 10. exd5 a6 11. Be3 Nb6 12. b3 0-0 13. a4 bxa4 14. Bxb6 Qxb6 15. Nxa4 Qc7 16. Qd3 g6 17. Rfe1 Rfe8 18. Ra2 Nd7 19. Qd2 f5 20. c4 Rab8 21. Rc2 Nc5 22. Nxc5 dxc5 23. Nc1 Bc8 24. f3 Bf6 25. Ra2 Qd6 26. Kh1 Re7 27. Qa5 e4 28. fxe4 fxe4 29. Rxe4 Rxe4 30. Bxe4 Bg4 31. Bg2 Re8 32. Rf2 Re3 33. Qd2 Bg5 34. Rf1 Bf5 35. Qb2 h5 36. Ne2 Bd3 37. Rf2 h4 38. Bh3 Re5 39. Kg1 Be3 40. Nf4 Bf5 41. Bxf5 Rxf5 42. Kg2 Bxf2 43. Qxf2 g5 44. Qe2 Re5 45. Qg4 Qf6 46. Nh3 Kf7 47. Qf3 Qxf3+ 48. Kxf3 hxg3 49. hxg3 Rf5+ 50. Ke3 g4 51. Nf4 Rf6 52. Nd3 Rf3+ 0-1

[Event "IECG WC.2011.S.00001 email"]
[Site "IECG email"]
[Date "2008.10.23"]
[Round "1"]
[White "Shutov, Andry"]
[Black "Bergmann, Martin"]
[Result "1-0"]
[WhiteElo "1924"]
[BlackElo "2355"]
[PlyCount "85"]
[EventDate "2008.10.23"]
[EventType "tourn (corr)"]
[EventRounds "10"]
[SourceTitle "Corr 2024"]
[Source "ChessBase"]
[SourceDate "2023.10.19"]
[SourceVersion "1"]
[SourceVersionDate "2023.10.19"]
[SourceQuality "1"]

1. e4 d6 2. d4 Nf6 3. Nc3 Nbd7 4. Nf3 e5 5. Bc4 Be7 6. 0-0 c6 7. a4 a5 8. Re1 h6 9. h3 Qc7 10. Be3 Nf8 11. Nh4 g6 12. Nf3 Rh7 13. Be2 g5 14. Nd2 Ne6 15. Nc4 Ra6 16. Qd2 Nf4 17. Rad1 Nxe2+ 18. Qxe2 g4 19. dxe5 dxe5 20. hxg4 Nxg4 21. Rd3 Rg7 22. Red1 Rg6 23. Bc1 Bc5 24. Rd8+ Qxd8 25. Rxd8+ Kxd8 26. Nd1 Be6 27. Nde3 Bxc4 28. Qd1+ Kc7 29. Nxg4 f6 30. Be3 Bb4 31. Nxh6 Ra8 32. Qh5 Rg7 33. f4 exf4 34. Bxf4+ Kb6 35. Be3+ Kc7 36. Qh2+ Kd7 37. Qf4 Re8 38. Ng4 Be7 39. Nxf6+ Bxf6 40. Qxf6 Rg4 41. Bf4 Be6 42. Qe5 Ke7 43. Qc7+ 1-0

[Event "GER ML-334 email"]
[Site "GER email"]
[Date "2008.??.??"]
[Round "?"]
[White "Bergmann, Martin"]
[Black "Meister, Gerhard"]
[Result "1-0"]
[WhiteElo "2107"]
[BlackElo "1931"]
[PlyCount "113"]
[EventDate "2008.??.??"]
[EventType "tourn (corr)"]
[EventRounds "6"]
[EventCountry "GER"]
[SourceTitle "Corr 2011"]
[Source "ChessBase"]
[SourceDate "2010.08.31"]
[SourceVersion "1"]
[SourceVersionDate "2010.08.31"]
[SourceQuality "1"]

1. e4 e5 2. Nf3 Nc6 3. Be2 Nf6 4. d3 g6 5. Nbd2 Bg7 6. c3 d6 7. Qc2 0-0 8. Nf1 Nh5 9. g3 Bh3 10. Ne3 h6 11. Nd2 Nf6 12. g4 d5 13. Rg1 d4 14. Nd1 h5 15. f3 Nh7 16. Rg3 Qh4 17. Nf2 Ng5 18. Nb3 Bxg4 19. Kf1 Nxf3 20. Bxf3 Qxh2 21. Rg2 Bh3 22. Nxh3 Qxh3 23. Ke2 a5 24. a4 Ra6 25. Nc5 Rb6 26. Bd2 Re8 27. Rag1 Bf8 28. Rg3 Qc8 29. Nb3 h4 30. Bg4 Qd8 31. Rf3 Qe7 32. c4 Nb4 33. Qd1 c5 34. Rh3 Bg7 35. Be1 g5 36. Bf5 Kf8 37. Rh2 Rh6 38. Nxa5 b6 39. Nb3 Nc6 40. Nd2 f6 41. Nb1 Qb7 42. Bg4 Ne7 43. Kd2 Qc6 44. Bh5 Ra8 45. b3 Qd7 46. Qf3 Kg8 47. Na3 Nc6 48. Nb5 Na7 49. Bg4 Qe7 50. Qh3 Nxb5 51. Be6+ Kh8 52. cxb5 Rd8 53. Kc2 Bf8 54. Kb2 Rb8 55. Bc4 Re8 56. Qg4 Qh7 57. Rgh1 1-0

[Event "GER ML-334 email"]
[Site "GER email"]
[Date "2008.??.??"]
[Round "?"]
[White "Haubrich, Norbert"]
[Black "Bergmann, Martin"]
[Result "0-1"]
[WhiteElo "1985"]
[BlackElo "2107"]
[PlyCount "118"]
[EventDate "2008.??.??"]
[EventType "tourn (corr)"]
[EventRounds "6"]
[EventCountry "GER"]
[SourceTitle "Corr 2011"]
[Source "ChessBase"]
[SourceDate "2010.08.31"]
[SourceVersion "1"]
[SourceVersionDate "2010.08.31"]
[SourceQuality "1"]

1. e4 d6 2. d4 Nf6 3. Nc3 Nbd7 4. Nf3 e5 5. Bc4 Be7 6. 0-0 0-0 7. Re1 a6 8. a4 b6 9. b3 c6 10. Bb2 Bb7 11. Qd2 Qc7 12. Rad1 Rfe8 13. b4 d5 14. dxe5 Nxe5 15. Nxe5 dxc4 16. Nxc4 Rad8 17. Qe2 Bxb4 18. Rxd8 Rxd8 19. Rd1 b5 20. Ne3 Rxd1+ 21. Ncxd1 bxa4 22. Bxf6 gxf6 23. Qg4+ Kh8 24. e5 Bf8 25. Qxa4 fxe5 26. Nf5 Bc8 27. Qh4 Bxf5 28. Qf6+ Bg7 29. Qxf5 a5 30. Nc3 Kg8 31. g3 Qd6 32. Qg4 h6 33. Kg2 Qd8 34. Qe4 Qd6 35. Qg4 e4 36. Nxe4 Qg6 37. Qc8+ Bf8 38. Nc5 Kg7 39. Qe8 Bxc5 40. Qe5+ Kg8 41. Qxc5 Qe4+ 42. Kg1 a4 43. c3 Qb1+ 44. Kg2 Qb5 45. Qa7 Qb3 46. Qa8+ Kg7 47. Qa7 a3 48. Qd4+ Kg6 49. Qd3+ Kf6 50. Qd6+ Kf5 51. f3 h5 52. Qd3+ Ke6 53. Qe3+ Kd6 54. Qd4+ Qd5 55. Qb4+ Qc5 56. Qb3 Ke7 57. c4 Kf8 58. Kh3 Qa5 59. Qa2 Qc3 0-1

[Event "IECG CS.2007.0.00003 email"]
[Site "IECG email"]
[Date "2007.06.24"]
[Round "?"]
[White "Massimini Gerbino, Massimiliano"]
[Black "Bergmann, Martin"]
[Result "1/2-1/2"]
[WhiteElo "2368"]
[BlackElo "2333"]
[PlyCount "61"]
[EventDate "2007.06.24"]
[EventType "tourn (corr)"]
[EventRounds "6"]
[SourceTitle "Corr 2024"]
[Source "ChessBase"]
[SourceDate "2023.10.19"]
[SourceVersion "1"]
[SourceVersionDate "2023.10.19"]
[SourceQuality "1"]

1. d4 d6 2. e4 Nf6 3. Nc3 e5 4. dxe5 dxe5 5. Qxd8+ Kxd8 6. Bc4 Bb4 7. Bd2 Ke7 8. Nf3 Nbd7 9. 0-0-0 c6 10. h3 Rd8 11. Bd3 Bd6 12. Be3 b6 13. Bc4 Bc7 14. Kb1 Bb7 15. Rhe1 b5 16. Bd3 Nf8 17. a4 a6 18. Nd2 Ne6 19. Nb3 Rd7 20. Nc5 Nxc5 21. Bxc5+ Bd6 22. Be3 Bb4 23. f4 Bd6 24. fxe5 Bxe5 25. Bc5+ Ke8 26. Rf1 Rdd8 27. g4 Nd7 28. Be3 Kf8 29. Rd2 Kg8 30. Rdf2 Rf8 31. Rd1 1/2-1/2

[Event "IECG CM.2007.0.00312 email"]
[Site "IECG email"]
[Date "2007.03.25"]
[Round "?"]
[White "Bergmann, Martin"]
[Black "Borisovs, Leonids"]
[Result "1/2-1/2"]
[WhiteElo "2333"]
[BlackElo "2217"]
[PlyCount "101"]
[EventDate "2007.03.25"]
[EventType "tourn (corr)"]
[EventRounds "6"]
[SourceTitle "Corr 2024"]
[Source "ChessBase"]
[SourceDate "2023.10.19"]
[SourceVersion "1"]
[SourceVersionDate "2023.10.19"]
[SourceQuality "1"]

1. e4 d5 2. Nc3 d4 3. Nce2 e5 4. Ng3 Be6 5. Nf3 f6 6. c3 d3 7. Nxe5 fxe5 8. Qh5+ Kd7 9. Qxe5 Nc6 10. Qb5 Bd6 11. Bxd3 a6 12. Qh5 Ne5 13. Qe2 Nxd3+ 14. Qxd3 Qg5 15. Qe2 Bf4 16. 0-0 h5 17. d4 h4 18. Bxf4 Qxf4 19. Nh1 Re8 20. f3 Kc8 21. Nf2 Nf6 22. Rfe1 Nh5 23. Nd3 Qf6 24. Qe3 Kb8 25. b3 g5 26. h3 Nf4 27. Rad1 Re7 28. c4 Rhe8 29. d5 Bf7 30. Rd2 Bh5 31. a4 Bg6 32. Nf2 Qe5 33. a5 Bf5 34. Qd4 Qd6 35. c5 Qe5 36. Qxe5 Rxe5 37. b4 Bd7 38. Nd3 R5e7 39. Nf2 Rf7 40. Nd3 Ng6 41. Nf2 Rf6 42. Nd3 Bb5 43. Nf2 Ne5 44. Rdd1 Ba4 45. Ra1 Bb3 46. Rec1 c6 47. Rc3 Bc4 48. d6 Kc8 49. Kh2 Kd7 50. Ng4 Nxg4+ 51. hxg4 1/2-1/2